Tribes of Assam (Record no. 4659)

MARC details
000 -LEADER
fixed length control field 00467cam a2200181ua 4500
008 - FIXED-LENGTH DATA ELEMENTS--GENERAL INFORMATION
fixed length control field 121030n ii |||gr||||Z||||||eng
040 ## - CATALOGING SOURCE
Transcribing agency MAIN
082 ## - DEWEY DECIMAL CLASSIFICATION NUMBER
Classification number 305.8
100 1# - MAIN ENTRY--PERSONAL NAME
Personal name Barkataki, S.,
Relator term
245 11 - TITLE STATEMENT
Title Tribes of Assam
Statement of responsibility, etc. by S. Barkataki
250 ## - EDITION STATEMENT
Remainder of edition statement India-the land and people.
260 ## - PUBLICATION, DISTRIBUTION, ETC.
Place of publication, distribution, etc. New Delhi:
Name of publisher, distributor, etc. National book trust, India,
Date of publication, distribution, etc. 1969.
300 ## - PHYSICAL DESCRIPTION
Extent v,175p.:
Other physical details ill.
942 ## - ADDED ENTRY ELEMENTS (KOHA)
Koha item type Books
653 ## - INDEX TERM--UNCONTROLLED
Uncontrolled term Sociology
653 ## - INDEX TERM--UNCONTROLLED
Uncontrolled term Tribes of Assam
Holdings
Withdrawn status Lost status Damaged status Not for loan Home library Current library Shelving location Date acquired Total Checkouts Full call number Barcode Date last seen Copy number Price effective from Koha item type
        Central Library, Naharkatiya College Central Library, Naharkatiya College General Stacks 19/09/2020   305.8Sociology | BAR 15220 19/09/2020 1 19/09/2020 Books

Naharkatiya College © 2020. All rights reserved.

Powered By